| 000 | 00821nam a2200217 a 4500 | ||
|---|---|---|---|
| 001 | BRCA_3632 | ||
| 005 | 20190320204348.0 | ||
| 008 | 780426s1975 mx-a---###---#001-0#spa-# | ||
| 041 | _aspa | ||
| 044 | _amx | ||
| 050 | 4 |
_aNK4698 _b.M46 1975 |
|
| 245 | 1 | 0 | _aMemoria de las medallas que mandó acuñar y repartir el Dean y Cabildo de la Iglesia Metropolitana de México, en acción de gracias por la restitución de Fernando Séptimo. |
| 260 |
_aMéxico _bCentro de Estudios de Historia de México : Condumex, S.A. _c1975 |
||
| 300 |
_a108 p. _bil. _c40 cm. |
||
| 546 | _aTexto en español y latín | ||
| 600 | 1 | 4 |
_aFernando _bvii _cRey de España _d1784-1833 _xMedallas _99422 |
| 610 | 2 | 4 |
_aCatedral de México _bCabildo _99423 |
| 650 | 1 | 4 |
_aMedallas mexicanas _99424 |
| 650 | 1 | 4 |
_aMedallas españolas _99425 |
| 942 |
_2lcc _cB |
||
| 999 |
_c3367 _d3367 |
||